Princípy hodnotenia vnútorného kapitálu komerčných bánk EU (ICCAP)

Požiadavky stanovenia vnútorného kapitálu komerčných bánk Európskej únie a na riadenie rizík bankového sektora zmysle požiadaviek Basel III.

Salvato in:
Dettagli Bibliografici
Autore principale: Schwarzová, Mária
Natura: Capitolo di libro
Lingua:slovacco
Soggetti:
Tags: Aggiungi Tag
Nessun Tag, puoi essere il primo ad aggiungerne!!

MARC

LEADER 00000nla a2200000 4500
001 0226032
005 20240502073718.2
041 0 |a slo 
044 |a SK 
245 1 0 |a Princípy hodnotenia vnútorného kapitálu komerčných bánk EU (ICCAP)  |c Mária Schwarzová 
520 |a Požiadavky stanovenia vnútorného kapitálu komerčných bánk Európskej únie a na riadenie rizík bankového sektora zmysle požiadaviek Basel III. 
610 2 0 |a kapitál bankový 
610 2 0 |a primeranosť kapitálová 
610 2 0 |a Slovensko 
610 2 0 |a Európska únia 
610 2 0 |a riziko bankové 
100 1 |a Schwarzová, Mária